[Event "Challenge"]
[Site "http://www.queenalice.com/game.php?id=1078868"]
[Date "2012.7.3"]
[Round "-"]
[White "geopivas"]
[Black "Andre_ssp"]
[Result "0-1"]
[WhiteElo "1510"]
[BlackElo "1450"]

1. e4 Nc6 2. Nf3 b6 3. d4 Bb7 4. d5 Nb4 5. Nc3 e6 6. a3 Na6 7. Bc4 Bc5 8. O-O
exd5 9. exd5 Ne7 10. Be3 Bd6 11. Bd4 Nf5 12. Re1+ Be7 13. d6 cxd6 14. Ng5 Rf8
15. Qh5 d5 16. Nxd5 Qc8 17. Rxe7+ Nxe7 18. Bb3 Nxd5 19. Re1+ Kd8 20. Bxg7 Nf4
21. Qh4 Qc6 22. Nf3+ f6 23. Bxf8 Ng6 24. Qxh7 Nxf8 25. Qe7+ Kc7 26. Qg7 Ne6 27.
Qg3+ Kc8 28. Re3 Nac5 29. Nd2 Nxb3 30. Nxb3 Qxc2 31. h3 Bc6 32. Kh2 Kb7 33. Na1
Qxb2 34. Nb3 Ng5 35. h4 Ne4 36. Qg7 Qxf2 37. Nd4 Qf4+ 38. Rg3 Nxg3 39. Qxg3 Qxd4
40. h5 Qd5 41. h6 Rg8 42. Qh3 Rxg2+ 43. Qxg2 Qxg2# 0-1

[Event "Challenge"]
[Site "http://www.queenalice.com/game.php?id=1079223"]
[Date "2012.7.4"]
[Round "-"]
[White "tucuman"]
[Black "geopivas"]
[Result "1-0"]
[WhiteElo "1752"]
[BlackElo "1517"]

1. e4 c5 2. c4 e5 3. Nc3 Nf6 4. d3 a6 5. h3 Nc6 6. Be2 d6 7. Nf3 h6 8. Nh2 Be6
9. Bd2 Be7 10. a3 Nd4 11. Be3 Nxe2 12. Qxe2 Qa5 13. O-O O-O-O 14. Nd5 Bf8 15. b4
Qa4 16. Nb6+ Kb8 17. Nxa4 Be7 18. bxc5 dxc5 19. Nxc5 Bc8 20. Qb2 Bxc5 21. Bxc5
Rxd3 22. f3 Nd7 23. Bf2 Rd8 24. c5 b5 25. cxb6 f6 26. b7 Nc5 27. bxc8=Q+ Kxc8
28. Bxc5 Rd2 29. Qb6 Kd7 30. Qb7+ Ke6 31. Qe7# 1-0

[Event "Challenge"]
[Site "http://www.queenalice.com/game.php?id=1079245"]
[Date "2012.7.4"]
[Round "-"]
[White "geopivas"]
[Black "tucuman"]
[Result "0-1"]
[WhiteElo "1504"]
[BlackElo "1705"]

1. e4 e5 2. Nf3 d6 3. d4 Nc6 4. Be3 Bg4 5. h3 Bxf3 6. Qxf3 h6 7. Bc4 Nf6 8. O-O
Qd7 9. dxe5 Nxe5 10. Qe2 Be7 11. f4 Nxc4 12. Qxc4 O-O 13. Nc3 c6 14. Rad1 Qc8
15. e5 d5 16. Qe2 Nh7 17. Qh5 b6 18. Qe2 f5 19. Rd4 Qe6 20. Bf2 Bc5 21. Rd2
Bxf2+ 22. Rxf2 a6 23. Na4 Rfb8 24. b3 a5 25. c4 Nf8 26. g3 Ra7 27. cxd5 cxd5 28.
Qb5 Rd7 29. Rf3 Rdd8 30. Rc3 d4 31. Rc6 Qd5 32. Qxd5+ Rxd5 33. e6 Nxe6 34. Rxe6
Rc8 35. Nxb6 Rc1+ 36. Kf2 Rd8 37. Nc4 Rh1 38. Ne5 Rxh3 39. a3 Rh2+ 40. Kf3 Rxd2
41. Nc6 Rd7 42. b4 axb4 43. axb4 d3 44. Nb8 Rd1 45. Nxd7 d2 46. Rd6 Rf1+ 47. Ke2
d1=Q+ 48. Rxd1 Rxd1 49. Kxd1 Kf7 50. b5 Ke7 51. Ne5 Kd6 52. Nd3 Kc7 53. Ne5 Kb6
54. g4 fxg4 55. Nxg4 Kxb5 56. Ke2 Kc5 57. Kd3 Kd6 58. Ke4 Ke6 59. f5+ Kf7 60.
Ke5 h5 61. Nh2 g6 62. f6 g5 63. Nf1 g4 64. Ng3 h4 65. Nh5 g3 66. Nf4 g2 67. Nxg2
h3 68. Nf4 h2 69. Nh5 h1=Q 70. Ng3 Qe1+ 71. Ne4 Qa5+ 72. Kf4 Qc7+ 73. Kf3 Qc6
74. Kf4 Qe6 75. Ke3 Qb3+ 76. Kf4 Kg6 77. Ke5 Qb5+ 78. Kd4 Qd7+ 0-1

[Event "Challenge"]
[Site "http://www.queenalice.com/game.php?id=1082277"]
[Date "2012.7.13"]
[Round "-"]
[White "tucuman"]
[Black "geopivas"]
[Result "1-0"]
[WhiteElo "1700"]
[BlackElo "1512"]

1. e4 c5 2. Nc3 e6 3. a3 Nc6 4. Nf3 d6 5. Bb5 a6 6. Bxc6+ bxc6 7. h3 e5 8. d3 h6
9. Be3 Nf6 10. Qd2 Be6 11. Ne2 g6 12. Ng3 d5 13. O-O d4 14. Nxe5 Qd6 15. Bxd4
cxd4 16. Nf3 O-O-O 17. b4 h5 18. e5 Qe7 19. exf6 Qxf6 20. Qg5 Qxg5 21. Nxg5 Bd7
22. Nxf7 Bg7 23. Nxh8 Bxh8 24. Rfe1 h4 25. Ne4 Bf5 26. Nc5 g5 27. Nxa6 g4 28.
hxg4 Bxg4 29. Re7 Bd7 30. a4 Bf6 31. Ree1 h3 32. b5 Rg8 33. g3 Rh8 34. Kh2 cxb5
35. axb5 Bxb5 36. Nc5 Bc6 37. Re6 Bd5 38. Rxf6 Rh7 39. Rf8+ Kc7 40. Ra7+ Kc6 41.
Rxh7 Kxc5 42. Rc8+ Kd6 43. Rxh3 Be6 44. Rh6 Kd7 45. Rch8 Kd6 46. Ra8 Kd5 47. Ra6
Bc8 48. Ra5# 1-0

[Event "Challenge"]
[Site "http://www.queenalice.com/game.php?id=1082285"]
[Date "2012.7.13"]
[Round "-"]
[White "Rogerio11"]
[Black "geopivas"]
[Result "0-1"]
[WhiteElo "1164"]
[BlackElo "1510"]

1. e4 c5 2. Bc4 e6 3. f4 d5 4. d3 dxc4 5. dxc4 Bd7 6. f5 exf5 7. Nf3 Qe7 8. Bg5
Nf6 9. Nc3 h6 10. Bf4 Nxe4 11. Nd5 Qd8 12. Ne5 g5 13. Qh5 Nd6 14. Qxg5 Qxg5 15.
Bxg5 hxg5 16. O-O Bc8 17. a3 Nc6 18. b4 cxb4 19. Rfe1 Nxe5 20. Rxe5+ Be6 21.
Nc7+ Kd7 22. Nxa8 Bg7 23. c5 Bxe5 24. Rd1 Kc6 25. cxd6 Bxd6 26. axb4 Bxb4 27.
Rb1 Bc5+ 28. Kf1 Bc4+ 29. Ke1 Rxa8 30. c3 Re8+ 31. Kd1 b5 32. g3 f4 33. gxf4
gxf4 34. h4 Re2 35. h5 f3 36. Ra1 f2 37. Ra6+ Kd5 38. Rf6 f1=Q+ 39. Rxf1 Rh2 40.
Rf5+ Kc6 41. Kc1 Ba3+ 42. Kb1 Bd3+ 43. Ka1 Bxf5 44. h6 Rxh6 45. Ka2 Bc1 46. Kb3
Rh4 47. Ka2 b4 48. cxb4 Rxb4 49. Ka1 Ra4# 0-1

[Event "Challenge"]
[Site "http://www.queenalice.com/game.php?id=1088390"]
[Date "2012.7.29"]
[Round "-"]
[White "tucuman"]
[Black "geopivas"]
[Result "1/2-1/2"]
[WhiteElo "1762"]
[BlackElo "1496"]

1. e4 e5 2. Nf3 Nc6 3. a3 Nf6 4. Nc3 d6 5. Bb5 a6 6. Bxc6+ bxc6 7. h3 d5 8. exd5
cxd5 9. Nxe5 Be6 10. O-O Bd6 11. Nf3 h6 12. d4 c5 13. Be3 c4 14. b3 O-O 15. Qd2
Ne4 16. Nxe4 dxe4 17. Nh2 Rc8 18. Rfb1 c3 19. Qe2 Qc7 20. Nf1 Bd5 21. Qg4 Be6
22. Qxe4 Rfe8 23. Qf3 Bf5 24. Rc1 Be4 25. Qg4 f5 26. Qg6 f4 27. Qg4 fxe3 28.
fxe3 Qf7 29. Ng3 Bxg3 30. Qxg3 Rc6 31. Rf1 Rf6 32. Rxf6 Qxf6 33. Rc1 Rf8 34. Qe1
Qg6 35. Qe2 Qg3 36. a4 Kh7 37. Rf1 Rxf1+ 38. Kxf1 Bxc2 39. Qxc2+ Qg6 40. Qxc3
Qf5+ 41. Ke2 Qh5+ 42. Kf2 Qf5+ 43. Kg1 h5 44. b4 Qb1+ 1/2-1/2

[Event "Challenge"]
[Site "http://www.queenalice.com/game.php?id=1089777"]
[Date "2012.8.2"]
[Round "-"]
[White "geopivas"]
[Black "tucuman"]
[Result "1/2-1/2"]
[WhiteElo "1507"]
[BlackElo "1755"]

1. e4 e5 2. Nf3 d6 3. Nc3 a6 4. h3 Nf6 5. d3 Nc6 6. Be3 h6 7. d4 exd4 8. Nxd4
Nxd4 9. Bxd4 Be7 10. Bd3 Bd7 11. e5 dxe5 12. Bxe5 Bd6 13. Bxd6 cxd6 14. Qe2+ Be6
15. O-O-O O-O 16. b3 Qc7 17. Qd2 b5 18. a3 Rfb8 19. Na2 a5 20. c4 bxc4 21. bxc4
d5 22. g3 dxc4 23. Bc2 Rb6 24. Nc3 Rbb8 25. Qd4 Rd8 26. Qe3 Rxd1+ 27. Rxd1 Bxh3
28. Qf3 Re8 29. Ba4 Rb8 30. g4 Bxg4 31. Qc6 Qxc6 32. Bxc6 Bxd1 33. Kxd1 Rc8 34.
Bb5 g5 35. a4 Rc5 36. f3 Nd5 37. Ne4 Rc7 38. Kc1 c3 39. Bd3 f5 40. Nf2 f4 41.
Ng4 Kg7 42. Be4 Ne3 43. Bc2 Nxg4 44. fxg4 Rc4 45. Bb3 Rd4 46. Kc2 f3 47. Kxc3
Rxg4 48. Bc4 f2 49. Kb3 Rf4 50. Bf1 Re4 51. Bg2 Re3+ 52. Kc4 Re1 53. Kb5 f1=Q+
54. Bxf1 Rxf1 55. Kxa5 Rb1 56. Ka6 g4 57. a5 g3 58. Ka7 g2 59. Ka6 g1=Q 1/2-1/2

[Event "Challenge"]
[Site "http://www.queenalice.com/game.php?id=1094032"]
[Date "2012.8.18"]
[Round "-"]
[White "tucuman"]
[Black "geopivas"]
[Result "1-0"]
[WhiteElo "1678"]
[BlackElo "1534"]

1. e4 e5 2. d4 f6 3. d5 d6 4. h3 c6 5. dxc6 Nxc6 6. Bb5 a6 7. Bxc6+ bxc6 8. Nc3
Be6 9. a3 h6 10. Nf3 f5 11. exf5 Bxf5 12. O-O Nf6 13. Be3 Nd5 14. Nxd5 cxd5 15.
Nh2 d4 16. Bd2 Be7 17. c3 d3 18. f3 O-O 19. b4 Be6 20. Qe1 Rf7 21. Qe3 Bg5 22.
Qxd3 Bxd2 23. Qxd2 Bc4 24. Rf2 Qb6 25. Kh1 Rd8 26. Ng4 Rf5 27. a4 d5 28. a5 Qg6
29. Re1 e4 30. Qe3 h5 31. Nh2 Bd3 32. f4 Qf6 33. g4 hxg4 34. Nxg4 Qh4 35. Rh2 d4
36. cxd4 Rxd4 37. Rg1 Rxb4 38. Rg3 Rb1+ 39. Rg1 Rbb5 40. Rhg2 Rxa5 41. Nf2 Rf7
42. Nxd3 Ra4 43. Nf2 Kf8 44. Qc5+ Re7 45. Rxg7 Qf6 46. Rg8+ Kf7 47. Qh5+ Ke6 48.
R1g6 Qxg6 49. Rxg6+ Kd7 50. Qg4+ Kc7 51. Rg7 Rxg7 52. Qxg7+ Kb6 53. Qf6+ Kc5 54.
Qc3+ Rc4 55. Qa5+ Kd4 56. Qxa6 Rc1+ 57. Kg2 e3 58. Qd3+ Kc5 59. Qxe3+ Kd5 60.
Qxc1 Kd6 61. Qe3 1-0

[Event "Challenge"]
[Site "http://www.queenalice.com/game.php?id=1096955"]
[Date "2012.8.27"]
[Round "-"]
[White "Mr_SPOCK"]
[Black "geopivas"]
[Result "0-1"]
[WhiteElo "1589"]
[BlackElo "1517"]

1. e4 c5 2. e5 Nc6 3. Nf3 a6 4. Bc4 e6 5. d3 b5 6. Bg5 f6 7. exf6 gxf6 8. Bh4
bxc4 9. dxc4 d5 10. cxd5 exd5 11. Nc3 d4 12. Ne4 Be6 13. Nfg5 Qa5+ 14. Nd2 Bd5
15. Qh5+ Kd7 16. Qg4+ Kc7 17. O-O Qxd2 18. Rac1 Nh6 19. Bg3+ Kb6 20. Qd7 Ra7 21.
Qxd5 fxg5 22. Rfd1 Qe2 23. c4 Qh5 24. a4 Ng4 25. a5+ Nxa5 26. Qd8+ Kc6 27. Qc8+
Kb6 28. b4 Nc6 29. b5 axb5 30. cxb5 Qg6 31. bxc6 Bg7 32. Rb1+ Ka5 33. Bc7+ Ka4
34. Ra1+ Kb4 35. Qb8+ Rxb8 36. Rxa7 Qc2 37. Ba5+ Kc4 38. Rf1 Be5 39. g3 Rb1 40.
Kg2 Rxf1 41. c7 Qxf2+ 42. Kh3 Nxh2 43. c8=Q Qxg3# 0-1

[Event "Challenge"]
[Site "http://www.queenalice.com/game.php?id=1098098"]
[Date "2012.8.30"]
[Round "-"]
[White "HerbertPaulo"]
[Black "geopivas"]
[Result "1-0"]
[WhiteElo "1964"]
[BlackElo "1536"]

1. c4 Nc6 2. Nc3 Nf6 3. e4 e5 4. Nf3 Be7 5. g3 d6 6. Bg2 h6 7. O-O Nd4 8. Nd5
Nxd5 9. cxd5 Bg4 10. Qa4+ Bd7 11. Qd1 O-O 12. Nxd4 exd4 13. d3 c5 14. Bd2 b6 15.
Qe2 f5 16. e5 dxe5 17. d6 Bxd6 18. Bxa8 Qxa8 19. f4 exf4 20. Bxf4 Re8 21. Qf3
Bc6 22. Qd1 Bxf4 23. Rxf4 Bh1 24. Rf2 f4 25. gxf4 g5 26. Qh5 Re6 27. fxg5 Qe8
28. Qxe8+ Rxe8 29. Kxh1 hxg5 30. Rf5 Re3 31. Rg1 Re5 32. Rxe5 Kf7 33. Rgxg5 Kf6
34. Rgf5+ Kg7 35. Re7+ Kg6 36. Rf1 b5 37. Rxa7 c4 38. dxc4 bxc4 39. Re7 d3 40.
a4 d2 41. Rc7 d1=Q 42. Rxd1 Kf5 43. Rxc4 Ke5 44. Kg2 Kf5 45. Kg3 Kg5 46. Rc5+
Kf6 47. a5 Ke6 48. a6 Kf6 49. a7 1-0

[Event ":("]
[Site "http://www.queenalice.com/game.php?id=1100325"]
[Date "2012.9.6"]
[Round "-"]
[White "geopivas"]
[Black "Mr_SPOCK"]
[Result "0-1"]
[WhiteElo "1524"]
[BlackElo "1606"]

1. e4 e5 2. Nf3 Nc6 3. Nc3 Nf6 4. a3 Bc5 5. Qe2 d6 6. b4 Bb6 7. h3 Nd4 8. Nxd4
Bxd4 9. Bb2 c5 10. bxc5 d5 11. Na4 Bxf2+ 12. Qxf2 Nxe4 13. Bb5+ Bd7 14. Bxd7+
Qxd7 15. Qe2 f6 16. d3 Ng3 17. c6 Qxc6 18. Qg4 Nxh1 19. Qxg7 O-O-O 20. Nc3 Rdg8
21. Qe7 d4 22. Ne4 Rxg2 23. Nd6+ Kb8 24. Qxf6 Rhg8 25. Rc1 Rg1+ 26. Ke2 Qg2+ 27.
Qf2 Qxf2# 0-1

[Event ";)"]
[Site "http://www.queenalice.com/game.php?id=1106666"]
[Date "2012.9.26"]
[Round "-"]
[White "Mr_SPOCK"]
[Black "geopivas"]
[Result "0-1"]
[WhiteElo "1650"]
[BlackElo "1511"]

1. e4 c5 2. e5 Nc6 3. Nf3 h6 4. Bc4 e6 5. d4 d5 6. exd6 Bxd6 7. dxc5 Bxc5 8.
Nfd2 Nf6 9. a3 a6 10. O-O O-O 11. Nf3 Qe7 12. Bxh6 gxh6 13. Qd2 Kg7 14. Qd3 Rd8
15. Nd4 Rxd4 16. Qg3+ Kf8 17. Bd3 Rg4 18. Qh3 Ke8 19. Qxh6 Kd7 20. Nc3 Bd4 21.
Qd2 Kc7 22. b4 b5 23. Rfe1 Qd6 24. h3 Rh4 25. Kf1 Bd7 26. Re2 Ne5 27. a4 Nxd3
28. cxd3 Qh2 29. Re3 Qh1+ 30. Ke2 Qxa1 31. Na2 Nd5 32. Qc2+ Nc3+ 33. Nxc3 Bxc3
34. Qd1 Qa2+ 35. Kf3 Bc6+ 36. Kg3 Rg8+ 37. Kxh4 Qxf2+ 38. g3 Qf6+ 39. Kh5 Qg5#
0-1

[Event "Challenge"]
[Site "http://www.queenalice.com/game.php?id=1106764"]
[Date "2012.9.26"]
[Round "-"]
[White "geopivas"]
[Black "tucuman"]
[Result "0-1"]
[WhiteElo "1522"]
[BlackElo "1572"]

1. e4 e5 2. a3 d5 3. f4 Bd6 4. fxe5 Bxe5 5. Nf3 Bg4 6. Bb5+ c6 7. Be2 Bxf3 8.
Bxf3 Nf6 9. d3 O-O 10. Be3 dxe4 11. Be2 h6 12. d4 Bd6 13. Nc3 Nbd7 14. g3 Nb6
15. O-O a6 16. Bf4 Bxf4 17. Rxf4 Re8 18. b4 Nbd5 19. Nxd5 cxd5 20. c4 b6 21. a4
Qd7 22. b5 axb5 23. cxb5 Qh3 24. Bf1 Qe6 25. Ra3 Nh7 26. h3 Ng5 27. Bg2 Nxh3+
28. Bxh3 Qxh3 29. Kf2 Rac8 30. Rh4 Qf5+ 31. Rf4 Qh3 32. Rh4 e3+ 33. Kf3 Qf5+ 34.
Rf4 Qe6 35. Qe2 g5 36. Rxe3 Rc3 37. Re4 dxe4+ 38. Kg2 Rxe3 39. Qxe3 Qa2+ 40. Kh3
Qxa4 41. d5 Qxb5 42. d6 Qd7+ 43. g4 Qxd6 44. Qb3 e3 45. Qb5 Qe6 46. Qb4 e2 47.
Qe1 Qe3+ 48. Kg2 Qf4 49. Qg3 Qxg3+ 50. Kxg3 e1=Q+ 51. Kf3 Re3+ 52. Kg2 Qd2+ 53.
Kf1 Re1# 0-1

[Event ":("]
[Site "http://www.queenalice.com/game.php?id=1115768"]
[Date "2012.10.24"]
[Round "-"]
[White "geopivas"]
[Black "Mr_SPOCK"]
[Result "0-1"]
[WhiteElo "1533"]
[BlackElo "1648"]

1. d4 Nc6 2. Nf3 d6 3. Nc3 e6 4. e4 Nf6 5. Bd3 d5 6. exd5 Bb4 7. a3 Bd6 8. dxc6
bxc6 9. Bg5 a5 10. O-O O-O 11. Re1 Be7 12. Re5 Ng4 13. h3 Nxe5 14. Bxe7 Qxe7 15.
Nxe5 Bb7 16. Qh5 f5 17. Na4 Rf6 18. Nc5 Rh6 19. Qf3 Rd8 20. Nxb7 Rxd4 21. Rd1 g5
22. g4 Rf4 23. Qxc6 Rxh3 24. Bc4 fxg4 25. Bxe6+ Kh8 26. Rd8+ Rf8 27. Rd7 Qf6 28.
Qc5 Rg3+ 29. Kh2 Qh6+ 30. Kxg3 Qh3# 0-1

[Event ";)"]
[Site "http://www.queenalice.com/game.php?id=1122627"]
[Date "2012.11.15"]
[Round "-"]
[White "Mr_SPOCK"]
[Black "geopivas"]
[Result "1-0"]
[WhiteElo "1712"]
[BlackElo "1496"]

1. e4 c5 2. e5 Nc6 3. Nf3 e6 4. d4 cxd4 5. Nxd4 Nxd4 6. Qxd4 d6 7. Bb5+ Bd7 8.
Bd3 dxe5 9. Qxe5 Nf6 10. Bg5 h6 11. Bxf6 gxf6 12. Qh5 Qe7 13. Nc3 O-O-O 14. Ne4
f5 15. Nc3 Be8 16. O-O-O f6 17. Qh4 h5 18. Qc4+ Bc6 19. Nb5 Bh6+ 20. Kb1 Kb8 21.
Qa4 a6 22. c4 Rd4 23. Qb3 axb5 24. cxb5 Bd5 25. Qa4 b6 26. Qxd4 Qa7 27. a4 Rc8
28. Bc2 Bg7 29. Qf4+ Rc7 30. Qb4 Rd7 31. Kc1 Ba2 32. b3 Bh6+ 33. Kb2 Bxb3 34.
Bxb3 Qc7 35. Rxd7 Qxd7 36. Rd1 Qc7 37. Qd6 Qxd6 38. Rxd6 Kc7 39. Rc6+ Kd7 40.
Bxe6+ Ke7 41. Bxf5 Bf4 42. Rxb6 Be5+ 43. Kb3 Bc7 44. Re6+ Kf7 45. g4 1-0

[Event "Challenge"]
[Site "http://www.queenalice.com/game.php?id=1128345"]
[Date "2012.12.4"]
[Round "-"]
[White "tucuman"]
[Black "geopivas"]
[Result "1-0"]
[WhiteElo "1617"]
[BlackElo "1508"]

1. e4 e5 2. d4 d6 3. d5 Nf6 4. Nc3 c6 5. dxc6 Nxc6 6. Bd3 Be6 7. h3 Nd4 8. Be3
Nc6 9. Bb5 a6 10. Bxc6+ bxc6 11. Nf3 Bc4 12. b3 Be6 13. Bg5 h6 14. Bxf6 Qxf6 15.
Qe2 d5 16. exd5 cxd5 17. Qxe5 Qxe5+ 18. Nxe5 Bd6 19. Ng4 f5 20. Ne3 O-O 21.
Nexd5 Bxd5 22. Nxd5 Rae8+ 23. Kd2 Re5 24. Ne3 Bb4+ 25. c3 Rd8+ 26. Kc2 Ba3 27.
Rhd1 Rc8 28. g4 f4 29. Nc4 Re2+ 30. Rd2 f3 31. Nxa3 Rd8 32. Rxe2 Kf7 33. Rd2 Re8
34. Rad1 Kg6 35. Nc4 Kh7 36. h4 Re4 37. Ne3 Re6 38. Rd3 h5 39. Rd6 1-0

[Event "<3Mandingo<3"]
[Site "http://www.queenalice.com/game.php?id=1204781"]
[Date "2013.8.3"]
[Round "-"]
[White "marconems"]
[Black "geopivas"]
[Result "1-0"]
[WhiteElo "1739"]
[BlackElo "1489"]

1. e4 c5 2. Nf3 Nc6 3. d4 e6 4. Nc3 Nxd4 5. Nxd4 cxd4 6. Qxd4 d5 7. Bb5+ Bd7 8.
O-O Bd6 9. Qxg7 Qh4 10. h3 O-O-O 11. Bg5 Qh5 12. Be2 Be5 13. Qxe5 Qg6 14. Nb5
Bxb5 15. Bxd8 Bxe2 16. Qc7# 1-0

[Event "Scooter"]
[Site "http://www.queenalice.com/game.php?id=1206223"]
[Date "2013.8.8"]
[Round "-"]
[White "marconems"]
[Black "geopivas"]
[Result "1-0"]
[WhiteElo "1747"]
[BlackElo "1489"]

1. e4 e5 2. Nf3 Nc6 3. Nc3 Nf6 4. h3 Bb4 5. Nd5 Nxd5 6. exd5 Na5 7. b3 d6 8. c3
Bc5 9. b4 Bb6 10. bxa5 Bxa5 11. Bb5+ Bd7 12. a4 f6 13. c4 O-O 14. O-O a6 15.
Bxd7 Qxd7 16. c5 e4 17. Nd4 Bb4 18. c6 bxc6 19. Nxc6 Bc5 20. d4 Bb6 21. a5 Ba7
22. Nxa7 Rxa7 23. Bf4 Rb7 24. Rb1 Qc8 25. Qa4 g5 26. Be3 Ra7 27. Rb4 Qf5 28.
Rfb1 Raa8 29. Qc6 Rfc8 30. Rb7 Kg7 31. Rxc7+ Rxc7 32. Qxc7+ Kg6 33. Qxd6 Kh5 34.
g4+ Qxg4+ 35. hxg4+ Kxg4 36. Kg2 Kf5 37. Rb6 Kg4 38. Rb7 Rh8 39. Qxf6 Rg8 40.
Rxh7 Rg6 41. Qe5 Rh6 42. Qg3+ Kf5 43. Qxg5# 1-0

[Event "Challenge"]
[Site "http://www.queenalice.com/game.php?id=1218149"]
[Date "2013.9.19"]
[Round "-"]
[White "tucuman"]
[Black "geopivas"]
[Result "1-0"]
[WhiteElo "1686"]
[BlackElo "1452"]

1. e4 e5 2. Nf3 Nc6 3. Bc4 d5 4. Bxd5 Be6 5. Bxe6 fxe6 6. d3 Nf6 7. a3 h6 8. Be3
Bd6 9. h3 O-O 10. Qd2 Rf7 11. c4 b6 12. Nc3 a6 13. b4 b5 14. c5 Be7 15. O-O a5
16. Nxb5 axb4 17. axb4 Rb8 18. Na7 Nxb4 19. Ne1 Nh5 20. Rb1 Na6 21. Rxb8 Nxb8
22. c6 Na6 23. Qe2 Nf6 24. f4 Bc5 25. Bxc5 Nxc5 26. fxe5 Qd4+ 27. Kh1 Nb3 28.
Nb5 Qc5 29. exf6 gxf6 30. d4 Qxc6 31. Nf3 Nc1 32. Qd2 Nb3 33. Qd3 Nc1 34. Qe3
Na2 35. Ra1 Nb4 36. Qe2 Rd7 37. Na7 Qc3 38. Rf1 c6 39. Nc8 Rg7 40. Rg1 c5 41.
dxc5 Qxc5 42. Qd2 Qxc8 43. Qxb4 Rb7 44. Qd4 e5 45. Qd5+ Kg7 46. Nh4 Rd7 47. Qe6
Qc7 48. Qf5 Kf7 49. Qg6+ Ke6 50. Qxh6 Rh7 51. Qg6 Rxh4 52. Qf5+ Kf7 53. Rf1 Qc6
54. Qf2 Rxe4 55. Qa2+ Qc4 56. Qa7+ Kg6 57. Rg1 Rh4 58. Qe3 Rg4 59. hxg4 Qxg4 60.
Rf1 Qh4+ 61. Kg1 e4 62. Qd4 Kg5 63. Qd5+ Kg4 64. Qxe4+ Kh5 65. Rf5+ Qg5 66.
Rxg5+ fxg5 67. g3 g4 68. Qf5+ Kh6 69. Qxg4 Kh7 70. Qf5+ Kg7 71. g4 Kh6 72. g5+
Kg7 73. g6 Kh6 74. Qf6 Kh5 75. g7 Kg4 76. g8=Q+ Kh3 77. Qh6# 1-0

[Event "Challenge"]
[Site "http://www.queenalice.com/game.php?id=1218150"]
[Date "2013.9.19"]
[Round "-"]
[White "geopivas"]
[Black "tucuman"]
[Result "0-1"]
[WhiteElo "1458"]
[BlackElo "1698"]

1. e4 e5 2. Nf3 Nc6 3. a3 Nf6 4. Nc3 d6 5. h3 h6 6. Bb5 Bd7 7. Bxc6 Bxc6 8. d3
a6 9. Be3 Be7 10. O-O Qd7 11. b3 Qe6 12. Bg5 hxg5 13. Nxg5 Qd7 14. d4 exd4 15.
Qxd4 Rh5 16. Nxf7 Kxf7 17. Qc4+ Kf8 18. Rad1 Qe8 19. e5 dxe5 20. Rfe1 Qg6 21. g3
Rxh3 22. Re3 Qh5 23. Ne4 Qxd1+ 24. Qf1 Qh5 25. Qg2 Ng4 26. Rf3+ Kg8 27. Rf5 Qh6
28. Qf1 Rh1+ 29. Kg2 Rxf1 30. Kxf1 Bxe4 31. Rxe5 Qc1+ 32. Ke2 Qxc2+ 33. Kf1
Qxf2# 0-1